000 00362nam a22001697a 4500
003 UA-OsUOA
001 4583
007 ta
008 20050721b un ||||| |||| 00| 0 ukr d
100 _aStone
700 _aIrving
942 _cBK
040 _aUA-OsUOA
_cUA-OsUOA
_dUA-OsUOA
245 _aThe Agony and the Ecstasy.
_bLiterature
955 _a2
650 7 _2UDC
999 _c290745
_d290745